Alle Normal Pokemon 1. Generation - Statistiken

Allgemein
  • Dieses Quiz wurde 51 mal gespielt
  • Das Durchschnittsergebnis liegt bei 17 aus 22
Antwortstatistiken
Antwort % Korrekt
Tauboga
98%
Tauboss
98%
Taubsi
98%
Rattfratz
85%
Habitak
83%
Ibitak
83%
Rattikarl
83%
Relaxo
83%
Kangama
75%
Mauzi
75%
Snobilikat
75%
Porenta
73%
Pummeluff
73%
Chaneira
70%
Evoli
70%
Knuddeluff
70%
Tauros
68%
Dodri
65%
Dodu
65%
Porygon
63%
Ditto
60%
Schlurp
53%
Keine übereinstimmenden Quizze gefunden
Verteilung der Resultate
Anzahl Personen mit jedem Resultat
Perzentil nach korrekt beantworteten Fragen
Ihre Resultats-Entwicklung
Sie haben dieses Quiz noch nicht gespielt